000 00740nam a2200253 a 4500
008
020 _a0070481970 (hbk.)
049 _aMAIN
090 _aQA911
100 1 _aOosthuizen, P. H.
245 1 0 _aCompressible fluid flow /
_cPatrick H. Oosthuizen, William E. Carscallen.
260 _aNew York :
_bMcGraw-Hill,
_cc1997.
300 _axx, 548 p. :
_bill. ;
_c25 cm.
504 _aIncludes bibliographical references.
500 _aIncludes index.
650 0 _aFluid dynamics.
650 0 _aCompressibility.
700 1 _aCarscallen, William E.
907 _a.b10141017
_b02-12-04
_c30-11-04
003
005 20230123133854.0
040 _cNUST
942 _cBOOKS
_kQA911
999 _c156069
_d156069